Statistics for NBA Skills Challenge Winners (2018 Updated)

Click here to take the quiz!

General Stats

  • This quiz has been taken 44 times
  • The average score is 13 of 17

Answer Stats

YearTeamPlayer% Correct
2013Trail BlazersDamian Lillard
97%
2014Trail BlazersDamian Lillard
97%
2006HeatDwyane Wade
94%
2007HeatDwyane Wade
94%
2011WarriorsStephen Curry
94%
2009BullsDerrick Rose
89%
2018NetsSpencer Dinwiddie
89%
2010SunsSteve Nash
89%
2005SunsSteve Nash
89%
2016TimberwolvesKarl Anthony Towns
86%
2012SpursTony Parker
83%
2017KnicksKristaps Porzingis
81%
2003NetsJason Kidd
78%
2008JazzDeron Williams
75%
2015RocketsPatrick Beverley
47%
2004HornetsBaron Davis
31%
2014JazzTrey Burke
31%

Score Distribution

Percentile by Number Answered

Percent of People with Each Score

Your Score History

You have not taken this quiz